LDR 00904naa#a2200169#i#450# 001 RU\\bibl\121281 005 20260502082243.6 011 ## _a1994-4683 100 ## _a20230803b2023####ek#y0rusy0150####ca 102 ## _aRU 200 1# _aПОИСК НАПРАВЛЕНИЙ ФИЗИЧЕСКОЙ КУЛЬТУРЫ В САМОСТОЯТЕЛЬНОЙ РАБОТЕ СТУДЕНТОВ _eЖурнальная статья 210 1# _aМосква _cНациональный государственный Университет физической культуры, спорта и здоровья им. П.Ф. Лесгафта _d2023 215 ## _a4 с. 608 ## _aЖурнальная статья _2local 675 ## _aФилософские и научно-теоретические основы физической культуры и спорта. 796.011 _z 700 #1 _aЗенкова _gТ А 856 4# _auchzapiski.lesgaft.spb.ru _u